000 00292nam a2200109Ia 4500
001 1260304
005 20260417140329.0
008 260417s9999 xx 000 0 und d
020 _a9786255929433
245 0 _aKalbimin Üstünde Bir Avuç Güneş
_cNuri Pakdil
260 _bKetebe Yayınları
999 _c1260304
_d1260304